[Event "AUTO-ELITE-998"]
[Site "http://www.queenalice.com/game.php?id=1095272"]
[Date "2012.8.21"]
[Round "2"]
[White "PunditJi"]
[Black "URANUS"]
[Result "1/2-1/2"]
[WhiteElo "2600"]
[BlackElo "2500"]

1. e4 Nc6 2. Nf3 f5 3. exf5 d5 4. Bb5 Bxf5 5. Ne5 Bd7 6. Bxc6 Bxc6 7. O-O Nf6 8.
Qe2 g6 9. Nxc6 bxc6 10. d3 Bg7 11. Nd2 Qd6 12. Re1 O-O 13. Nf3 Rae8 14. Qe6+
Qxe6 15. Rxe6 Ng4 16. c3 Rf6 17. Re2 Rf5 18. d4 c5 19. dxc5 e5 20. h3 Nf6 21. c6
Ne4 1/2-1/2

[Event "AUTO-ELITE-998"]
[Site "http://www.queenalice.com/game.php?id=1095273"]
[Date "2012.8.21"]
[Round "2"]
[White "URANUS"]
[Black "PunditJi"]
[Result "1/2-1/2"]
[WhiteElo "2458"]
[BlackElo "2594"]

1. e4 c5 2. Nf3 Nc6 3. Nc3 e5 4. Bc4 Be7 5. O-O Nf6 6. d3 O-O 7. a3 d6 8. h3 Nd4
9. Nd5 Be6 10. Nxf6+ Bxf6 11. c3 Nxf3+ 12. Qxf3 Re8 13. Re1 Qb6 1/2-1/2

[Event "Let's Play Chess!"]
[Site "http://www.queenalice.com/game.php?id=1110158"]
[Date "2012.10.7"]
[Round "-"]
[White "URANUS"]
[Black "franz_ferdinand"]
[Result "1-0"]
[WhiteElo "2502"]
[BlackElo "2062"]

1. e4 e6 2. Nf3 d5 3. e5 b6 4. d4 Ba6 5. Bxa6 Nxa6 6. a3 Ne7 7. O-O Nf5 8. c4
Nb8 9. cxd5 Qxd5 10. Nc3 Qd7 11. d5 exd5 12. e6 fxe6 13. Ne5 Qe7 14. Nxd5 exd5
15. Re1 1-0

[Event "Let's Play Chess!"]
[Site "http://www.queenalice.com/game.php?id=1110159"]
[Date "2012.10.7"]
[Round "-"]
[White "franz_ferdinand"]
[Black "URANUS"]
[Result "0-1"]
[WhiteElo "2048"]
[BlackElo "2509"]

1. e4 Nc6 2. Nf3 e5 3. Bc4 Nf6 4. Ng5 d5 5. exd5 Nb4 6. d6 Nbd5 7. dxc7 Qxc7 8.
Bb3 Bc5 9. O-O h6 10. Nf3 O-O 11. d3 Re8 12. Nc3 Nxc3 13. bxc3 e4 14. dxe4 Nxe4
15. Bb2 Bg4 16. Qd3 Bxf3 17. gxf3 Nxf2 18. Rxf2 Rad8 19. Qf5 Bxf2+ 20. Kxf2
Qxh2+ 21. Kf1 Qh1+ 22. Kf2 Rd2+ 23. Kg3 Qh2+ 24. Kg4 Rg2# 0-1

[Event "Let's Play Chess!"]
[Site "http://www.queenalice.com/game.php?id=1116498"]
[Date "2012.10.27"]
[Round "-"]
[White "URANUS"]
[Black "beckhamf2000"]
[Result "1-0"]
[WhiteElo "2511"]
[BlackElo "2148"]

1. e4 c5 2. Nf3 Nc6 3. Nc3 e5 4. Bc4 Be7 5. d3 d6 6. O-O Nf6 7. h3 O-O 8. a3 Be6
9. Nd5 Nd4 10. Nxf6+ Bxf6 11. c3 Nxf3+ 12. Qxf3 Qd7 13. Be3 1-0

[Event "Let's Play Chess!"]
[Site "http://www.queenalice.com/game.php?id=1116499"]
[Date "2012.10.27"]
[Round "-"]
[White "beckhamf2000"]
[Black "URANUS"]
[Result "0-1"]
[WhiteElo "2149"]
[BlackElo "2510"]

1. d4 Nf6 2. c4 e6 3. Nc3 Bb4 4. a3 Bxc3+ 5. bxc3 Nc6 6. Bg5 h6 7. Bf4 O-O 8.
Nf3 d6 9. e3 Qe7 10. Bg3 e5 11. Be2 Ne4 12. Qb3 b6 0-1

[Event "Challenge"]
[Site "http://www.queenalice.com/game.php?id=1122440"]
[Date "2012.11.15"]
[Round "-"]
[White "lincolnmarley"]
[Black "URANUS"]
[Result "0-1"]
[WhiteElo "1759"]
[BlackElo "2512"]

1. e4 Nc6 2. Nf3 f5 3. exf5 d5 4. Bb5 Bxf5 5. Ne5 Bd7 6. Bxc6 Bxc6 7. Nxc6 bxc6
8. O-O g6 9. d4 Bg7 10. Bf4 Rb8 11. b3 Nh6 12. Re1 O-O 13. Re6 Rxf4 0-1

[Event "Challenge"]
[Site "http://www.queenalice.com/game.php?id=1126436"]
[Date "2012.11.28"]
[Round "-"]
[White "lincolnmarley"]
[Black "URANUS"]
[Result "0-1"]
[WhiteElo "1687"]
[BlackElo "2528"]

1. d4 Nf6 2. c4 Nc6 3. Nf3 e6 4. Nc3 Bb4 5. e3 O-O 6. Bd3 d6 7. O-O e5 8. Ne4
Ba5 9. a3 Bb6 10. c5 dxc5 11. dxc5 Nxe4 12. cxb6 Nc5 13. Bc2 axb6 14. b4 Nxb4
0-1

[Event "AUTO-ELITE-1060"]
[Site "http://www.queenalice.com/game.php?id=1127982"]
[Date "2012.12.3"]
[Round "2"]
[White "patoche"]
[Black "URANUS"]
[Result "0-1"]
[WhiteElo "2450"]
[BlackElo "2521"]

1. e4 c6 2. d4 d5 3. Nc3 dxe4 4. Nxe4 Nd7 5. Nf3 Ngf6 6. Nxf6+ Nxf6 7. Ne5 Bf5
8. c3 e6 9. g4 Bg6 10. h4 Bd6 11. Qe2 c5 12. Bf4 cxd4 13. cxd4 O-O 14. h5 Bb4+
15. Bd2 Qxd4 16. hxg6 Bxd2+ 17. Qxd2 Qxe5+ 18. Be2 fxg6 0-1

[Event "AUTO-ELITE-1060"]
[Site "http://www.queenalice.com/game.php?id=1127983"]
[Date "2012.12.3"]
[Round "2"]
[White "URANUS"]
[Black "patoche"]
[Result "1-0"]
[WhiteElo "2514"]
[BlackElo "2457"]

1. d4 Nf6 2. c4 Nc6 3. Nc3 e5 4. d5 Ne7 5. Nf3 Ng6 6. h4 h5 7. Bg5 Be7 8. e4 d6
9. g3 Ng4 10. Be2 f6 11. Bd2 f5 12. Ng5 f4 13. Ne6 Bxe6 14. dxe6 Nf6 15. Nd5 Nf8
16. Qa4+ c6 17. Ba5 1-0

[Event "Challenge"]
[Site "http://www.queenalice.com/game.php?id=1128255"]
[Date "2012.12.4"]
[Round "-"]
[White "URANUS"]
[Black "REIDID93"]
[Result "0-1"]
[WhiteElo "2533"]
[BlackElo "1904"]

1. e4 c5 2. Nf3 d6 3. d4 cxd4 4. Nxd4 Nf6 5. Nc3 g6 6. Be3 Bg7 7. f3 O-O 8. Qd2
Nc6 9. g4 Ne5 10. Be2 Bd7 11. O-O-O Rc8 12. h4 h5 13. g5 Ne8 14. f4 Nc4 15. Bxc4
Rxc4 16. Qd3 Rc5 17. f5 Qa5 18. Rdf1 Rxc3 19. Qxc3 Qe5 20. Qd3 Nc7 21. fxg6 fxg6
22. Rxf8+ Kxf8 23. Rf1+ Kg8 0-1

[Event "Challenge"]
[Site "http://www.queenalice.com/game.php?id=1128256"]
[Date "2012.12.4"]
[Round "-"]
[White "REIDID93"]
[Black "URANUS"]
[Result "0-1"]
[WhiteElo "1903"]
[BlackElo "2545"]

1. c4 e5 2. Nc3 f5 3. e3 Nf6 4. d4 d6 5. b4 Be7 6. d5 a5 7. Ba3 axb4 8. Bxb4 c5
9. dxc6 bxc6 10. a4 Na6 11. Ba3 Qa5 12. Qd2 Nc5 13. Bxc5 Qxc5 14. Nf3 Ne4 15.
Qd3 Qb4 16. Rc1 Rxa4 17. Ke2 Ra3 18. Rb1 Nxc3+ 0-1

[Event "AUTO-ELITE-1085"]
[Site "http://www.queenalice.com/game.php?id=1128354"]
[Date "2012.12.4"]
[Round "1"]
[White "patoche"]
[Black "URANUS"]
[Result "0-1"]
[WhiteElo "2443"]
[BlackElo "2529"]

1. e4 c6 2. d4 d5 3. Nc3 dxe4 4. Nxe4 Nd7 5. Nf3 Ngf6 6. Nxf6+ Nxf6 7. Ne5 Bf5
8. c3 e6 9. g4 Bg6 10. h4 Bd6 11. Qe2 c5 12. h5 Be4 13. f3 cxd4 14. Qb5+ Nd7 15.
Nxf7 Bg3+ 16. Ke2 d3+ 17. Ke3 Kxf7 18. fxe4 Ne5 19. Bxd3 Qg5+ 0-1

[Event "AUTO-ELITE-1085"]
[Site "http://www.queenalice.com/game.php?id=1128355"]
[Date "2012.12.4"]
[Round "1"]
[White "URANUS"]
[Black "patoche"]
[Result "1-0"]
[WhiteElo "2535"]
[BlackElo "2437"]

1. e4 Nc6 2. Nf3 f5 3. exf5 d5 4. Bb5 Bxf5 5. d4 e6 6. Ne5 Ne7 7. Qh5+ g6 8. Qe2
Bg7 9. Bxc6+ Nxc6 10. Nxc6 bxc6 11. g4 Be4 12. f3 Qh4+ 13. Kd1 O-O 14. fxe4 Bxd4
15. h3 Qg3 16. Nd2 Rf2 17. Qd3 Qg2 18. Re1 c5 19. c3 Bf6 20. exd5 exd5 21. Rf1
Re8 22. Rxf2 Qxf2 23. Qxd5+ Kg7 24. Kc2 1-0

[Event "AUTO-ELITE-1085"]
[Site "http://www.queenalice.com/game.php?id=1128362"]
[Date "2012.12.4"]
[Round "1"]
[White "URANUS"]
[Black "smagoo"]
[Result "1-0"]
[WhiteElo "2541"]
[BlackElo "2341"]

1. e4 c6 2. d4 d5 3. Nc3 dxe4 4. Nxe4 Bf5 5. Nc5 e5 6. Nxb7 Qe7 7. Na5 exd4+ 8.
Be2 Qb4+ 9. Bd2 Qxb2 10. Bd3 Bb4 11. Nb3 Bxd3 12. cxd3 Bxd2+ 13. Qxd2 Qxd2+ 14.
Kxd2 1-0

[Event "AUTO-ELITE-1085"]
[Site "http://www.queenalice.com/game.php?id=1128363"]
[Date "2012.12.4"]
[Round "1"]
[White "smagoo"]
[Black "URANUS"]
[Result "1-0"]
[WhiteElo "2313"]
[BlackElo "2546"]

1. d4 Nf6 2. c4 Nc6 3. Nc3 e5 4. d5 Ne7 5. Bg5 Ng6 6. h4 h6 7. Bxf6 Qxf6 8. h5
Nh4 9. Qa4 Nf5 10. e3 Qb6 11. O-O-O Bb4 12. Nb5 a5 13. a3 c6 14. axb4 cxb5 15.
cxb5 Nd6 16. Kd2 1-0